| 000 | 00956nam a2200265 i 4500 | ||
|---|---|---|---|
| 001 | 183783 | ||
| 003 | ES-MaACL | ||
| 005 | 20251003063158.0 | ||
| 008 | 141014s2007 sp | |||| |dspa d | ||
| 020 | _a978-84-8164-898-0 | ||
| 080 | _a1 Santayana, George | ||
| 100 | 1 |
_aMoreno Moreno, Daniel, _d1961- _9155713 |
|
| 245 | 1 | 0 |
_aSantayana filósofo _b: la filosofía como forma de vida / _cDaniel Moreno. |
| 260 |
_aMadrid : _bTrotta, _c[2007] |
||
| 300 |
_a229 p. ; _c23 cm. |
||
| 490 | 1 | _aColección Estructuras y procesos. Serie Filosofía | |
| 500 | _aÍndice onomástico. | ||
| 504 | _aBibliografía: p. 211-226. | ||
| 600 | 1 | 7 |
_aSantayana, George. _9103357 |
| 830 | 0 | 0 |
_aEstructuras y procesos. _pFilosofía _9183056 |
| 852 |
_aES-MaACL _jA-13271 _9190734 _bR.150104 _cDEPO1 _dOlim: N-6271 _hDonación: Daniel Moreno |
||
| 903 |
_aMoreno Moreno, Daniel, _d1961- _ednr _9155713 |
||
| 942 |
_2udc _cMONOGRAFIA |
||
| 999 |
_c183783 _d183783 |
||